Negatívne tendencie v medzinárodnom zdanení so zameraním na Treaty shopping

Globalizácia a medzinárodné zdanenie. Treaty shopping - zneužívanie medzinárodných zmlúv o zamedzení dvojitého zdanenia. OECD a Treaty shopping.

Guardado en:
Detalles Bibliográficos
Autor principal: Lénártová, Gizela
Formato: Capítulo de libro
Lenguaje:eslovaco
Materias:
Etiquetas: Agregar Etiqueta
Sin Etiquetas, Sea el primero en etiquetar este registro!

MARC

LEADER 00000naa$a2200000$$$4500
001 0181173
005 20240502073114.9
041 0 |a slo 
044 |a SK 
245 1 0 |a Negatívne tendencie v medzinárodnom zdanení so zameraním na Treaty shopping  |c Gizela Lénártová 
520 |a Globalizácia a medzinárodné zdanenie. Treaty shopping - zneužívanie medzinárodných zmlúv o zamedzení dvojitého zdanenia. OECD a Treaty shopping. 
610 2 0 |a dane z príjmov 
610 2 0 |a zdaňovanie 
610 2 0 |a raje daňové 
610 2 0 |a zmluvy medzinárodné 
610 2 0 |a firmy 
610 2 0 |a zdanenie dvojité 
100 1 |a Lénártová, Gizela